Normal view MARC view

Entry Nombre personal

Number of records used in: 1

001 - NÚMERO DE CONTROL

  • campo de control: 162139

003 - IDENTIFICADOR DE NÚMERO DE CONTROL

  • campo de control: SpMaBN

005 - FECHA Y HORA DE LA ÚLTIMA TRANSACCIÓN

  • campo de control: 20231222202433.0

008 - ELEMENTOS DE DATO DE LONGITUD-FIJA

  • campo de control de longitud fija: 901120nn aijnnaabn a aaa

016 ## - NÚMERO DE CONTROL DE UNA AGENCIA BIBLIOGRÁFICA NACIONAL

  • Número de control del registro: BNE19900060433

024 7# - IDENTIFICADOR DE OTROS ESTÁNDARES

  • Número estándar o código: http://viaf.org/viaf/59892210/
  • Fuente: viaf

024 8# - IDENTIFICADOR DE OTROS ESTÁNDARES

  • Número estándar o código: https://www.museodelprado.es/coleccion/artista/wd/0faef3f6-092 9-4971-8a3d-13f835d6721b

024 7# - IDENTIFICADOR DE OTROS ESTÁNDARES

  • Número estándar o código: https://isni.org/isni/0000000123208419
  • Fuente: isni

024 7# - IDENTIFICADOR DE OTROS ESTÁNDARES

  • Número estándar o código: http://www.wikidata.org/entity/Q1113061
  • Fuente: wikidata

040 ## - FUENTE DE CATALOGACIÓN

  • Centro catalogador/agencia de origen: SpMaBN
  • Lengua de catalogación: spa
  • Centro/agencia transcriptor: SpMaBN
  • Normas de descripción: rdc
  • Convención/Normas de encabezamiento de materia/tesauro: embne

046 ## - FECHAS CON CODIFICACIÓN ESPECIAL

  • Fecha de nacimiento: 1871
  • Fecha de la muerte: 1949

100 1# - ENCABEZAMIENTO-NOMBRE DE PERSONA

  • Nombre de persona: Fortuny y Madrazo, Mariano,
  • Fechas asociadas al nombre: 1871-1949

370 ## - LUGAR ASOCIADO

  • Lugar de nacimiento: España, Andalucía, Granada (Provincia), Granada

373 ## - GRUPO ASOCIADO

  • Grupo asociado: Real Academia de Bellas Artes de San Fernando
  • Fuente de información: Wikidata

374 ## - OCUPACIÓN

  • Ocupación: Escenógrafos
  • Ocupación: Diseñadores de moda
  • Ocupación: Inventores
  • Ocupación: Fotógrafos
  • Ocupación: Escultores
  • Ocupación: Ingenieros
  • Ocupación: Pintores

375 ## - GÉNERO/SEXO

  • Género: Masculino

377 ## - IDIOMA ASOCIADO

  • Término de lengua/lenguaje: Catalán
  • Término de lengua/lenguaje: Español

400 1# - TRAZADO DE VÉASE--NOMBRE DE PERSONA

  • Nombre de persona: Fortuny, Mariano,
  • Fechas asociadas al nombre: 1871-1949

400 1# - TRAZADO DE VÉASE--NOMBRE DE PERSONA

  • Nombre de persona: Fortuny i de Madrazo, Marià,
  • Fechas asociadas al nombre: 1871-1949

400 1# - TRAZADO DE VÉASE--NOMBRE DE PERSONA

  • Nombre de persona: Fortuny y de Madrazo, Mariano,
  • Fechas asociadas al nombre: 1871-1949

400 1# - TRAZADO DE VÉASE--NOMBRE DE PERSONA

  • Nombre de persona: Fortuny de Madrazo, Mariano,
  • Fechas asociadas al nombre: 1871-1949

670 ## - FUENTE DE DATOS ENCONTRADOS

  • Cita de la fuente: Fortuny y Madrazo, Mariano : Granada 1871, Venecia 1949, 1988

670 ## - FUENTE DE DATOS ENCONTRADOS

  • Cita de la fuente: Bénézit
  • Información encontrada: (Fortuny y de Madrazo, Mariano; peintre de portraits; n. 1871, m. 1949)

670 ## - FUENTE DE DATOS ENCONTRADOS

  • Cita de la fuente: Fortuny gravats, 2007
  • Información encontrada: port. (Mariano Fortuny Madrazo)

670 ## - FUENTE DE DATOS ENCONTRADOS

  • Cita de la fuente: Enc. cat.
  • Información encontrada: (Fortuny i de Madrazo, Marià)

670 ## - FUENTE DE DATOS ENCONTRADOS

  • Cita de la fuente: Repertorio de grabados españoles, de Elena Páez Ríos
  • Información encontrada: (Fortuny y Madrazo; Mariano (1871-1949); hijo del pintor Mariano Fortuny Marsal; pintor y grabador al aguafuerte)